<?xml version="1.0" encoding="UTF-8"?>
<record
    xmlns:xsi="http://www.w3.org/2001/XMLSchema-instance"
    xsi:schemaLocation="http://www.loc.gov/MARC21/slim http://www.loc.gov/standards/marcxml/schema/MARC21slim.xsd"
    xmlns="http://www.loc.gov/MARC21/slim">

  <leader>00937nam a22002057a 4500</leader>
  <controlfield tag="003">OSt</controlfield>
  <controlfield tag="005">20260507113441.0</controlfield>
  <controlfield tag="008">260507b        |||||||| |||| 00| 0 eng d</controlfield>
  <datafield tag="020" ind1=" " ind2=" ">
    <subfield code="a">9789719823063</subfield>
  </datafield>
  <datafield tag="040" ind1=" " ind2=" ">
    <subfield code="c">HS LRC</subfield>
  </datafield>
  <datafield tag="050" ind1=" " ind2=" ">
    <subfield code="a">GT 3405</subfield>
    <subfield code="b">.P538 2024</subfield>
  </datafield>
  <datafield tag="100" ind1=" " ind2=" ">
    <subfield code="a">Reantaso-Bernabe, Cynthia</subfield>
    <subfield code="9">131731</subfield>
  </datafield>
  <datafield tag="245" ind1=" " ind2=" ">
    <subfield code="a">Professional event management :</subfield>
    <subfield code="b">a guide to meetings, incentives, conventions,exhibitions, and events /</subfield>
    <subfield code="c">Cynthia Reantaso-Bernabe, Tinette S. Capistrano, Anton V. Magpantay, Maria Montserrat Iturralde-Hamlin, Joel B. Pascual, Dexter Deyto, Jing S. Lagandaon, Orlando A. Ballesteros, Sonia R. Sayaman, Jose Luis U. Yulo Jr., Thelma Dumpit-Murillo, Adelia Faner-Majaba, Marisa D. Nallana</subfield>
  </datafield>
  <datafield tag="260" ind1=" " ind2=" ">
    <subfield code="a">Quezon City :</subfield>
    <subfield code="b">C&amp;E Publishing, </subfield>
    <subfield code="c">c2024.</subfield>
  </datafield>
  <datafield tag="300" ind1=" " ind2=" ">
    <subfield code="a">xiii, 225 p. :</subfield>
    <subfield code="b">col. ill. ;</subfield>
    <subfield code="c">26 cm. </subfield>
  </datafield>
  <datafield tag="365" ind1=" " ind2=" ">
    <subfield code="b">498.00</subfield>
  </datafield>
  <datafield tag="504" ind1=" " ind2=" ">
    <subfield code="a">includes index. </subfield>
  </datafield>
  <datafield tag="650" ind1=" " ind2=" ">
    <subfield code="a">Special events </subfield>
    <subfield code="x">Management. </subfield>
    <subfield code="9">129967</subfield>
  </datafield>
  <datafield tag="942" ind1=" " ind2=" ">
    <subfield code="2">lcc</subfield>
    <subfield code="c">BK</subfield>
  </datafield>
  <datafield tag="952" ind1=" " ind2=" ">
    <subfield code="0">0</subfield>
    <subfield code="1">0</subfield>
    <subfield code="2">lcc</subfield>
    <subfield code="4">0</subfield>
    <subfield code="7">0</subfield>
    <subfield code="8">CIR</subfield>
    <subfield code="a">DLSU-D HS</subfield>
    <subfield code="b">DLSU-D HS</subfield>
    <subfield code="c">CIR</subfield>
    <subfield code="d">2025-06-24</subfield>
    <subfield code="e">HS LRC SY 2024-2025</subfield>
    <subfield code="g">498.00</subfield>
    <subfield code="i">CIR-002613</subfield>
    <subfield code="l">0</subfield>
    <subfield code="o">GT 3405 .P538 2024</subfield>
    <subfield code="p">3HS00000002613</subfield>
    <subfield code="r">2026-05-07 11:34:11</subfield>
    <subfield code="t">002613</subfield>
    <subfield code="v">498.00</subfield>
    <subfield code="w">2026-05-07</subfield>
    <subfield code="y">BK</subfield>
  </datafield>
  <datafield tag="999" ind1=" " ind2=" ">
    <subfield code="c">94127</subfield>
    <subfield code="d">94127</subfield>
  </datafield>
</record>
